00585 a2200181 450000500170000000800410001701000140005802000110007203500130008303700150009608200100011110000230012124500930014425000130023726000450025027000830029530000250037820080827143940.0080827t xxu||||| |||| 00| 0 eng d aENG-87282 c150.00 aEN-70815 bDBAD / PUB a133.5 aKrishnamurti, K.S. aHorary astrologybKrishnamurthi Padhadhati advanced stellar systemcby K.S.Krishnamurti a10th ed. aChennaibKrishnamurti Publicationsc2005 aF21-A, First floo0r, Spencer Plaza, 769, Anna RoadbChennaie600 002k28496046 a323 p.c20 cm (Pbk.)